[Event "Roquetas de Mar op 36th"]
[Site "Roquetas de Mar"]
[Date "2025.01.06"]
[Round "8"]
[White "Lazaro Azcutia, Miguel"]
[Black "Kaczmarek, Aleksander"]
[Result "0-1"]
[WhiteElo "2176"]
[BlackElo "2339"]
[PlyCount "94"]
[EventDate "2025.01.02"]
[EventType "swiss"]
[EventRounds "9"]
[EventCountry "ESP"]
[SourceTitle "CB02_2025"]
[SourceDate "2025.01.08"]
[SourceVersion "1"]
[SourceVersionDate "2025.01.08"]
[SourceQuality "1"]

1. e4 c6 2. d4 d5 3. e5 c5 4. Nf3 cxd4 5. Qxd4 Nc6 6. Qf4 h6 7. Bd3 g5 8. Qg3 Nb4 9. Nc3 Nxd3+ 10. cxd3 e6 11. h4 gxh4 12. Rxh4 Ne7 13. Qh2 Nf5 14. Rh5 Rg8 15. Bd2 Bc5 16. 0-0-0 b5 17. Kb1 b4 18. Ne2 b3 19. axb3 Qb6 20. b4 Rb8 21. Rxf5 exf5 22. Nf4 Be6 23. Qxh6 Bxb4 24. Bxb4 Qxb4 25. Rd2 Kd7 26. Nh5 Rh8 27. Qg5 Kc7 28. Rc2+ Kb7 29. Qf4 Qb5 30. Ng3 Qxd3 31. Ne1 Qb3 32. Rc3 Qb5 33. Nd3 Ka8 34. Ra3 Rb7 35. Qe3 Qc4 36. Qd2 Rhb8 37. Rc3 Qa6 38. Nc5 Rxb2+ 39. Qxb2 Rxb2+ 40. Kxb2 Qb6+ 41. Kc1 Qb4 42. Rc2 f4 43. Nxe6 fxg3 44. Nc7+ Kb7 45. fxg3 Qe1+ 46. Kb2 Qxe5+ 47. Ka2 d4 0-1

[Event "Piestany Slovakia op-A"]
[Site "Piestany"]
[Date "2024.07.16"]
[Round "8"]
[White "Kaczmarek, Aleksander"]
[Black "Daakshin, Arun"]
[Result "1/2-1/2"]
[WhiteElo "2374"]
[BlackElo "2274"]
[PlyCount "132"]
[EventDate "2024.07.09"]
[EventType "swiss"]
[EventRounds "9"]
[EventCountry "SVK"]
[SourceTitle "EXT 2025"]
[Source "ChessBase"]
[SourceDate "2024.10.14"]
[SourceVersion "1"]
[SourceVersionDate "2024.10.14"]
[SourceQuality "1"]

1. e4 c5 2. Nf3 d6 3. d4 cxd4 4. Nxd4 Nf6 5. Nc3 a6 6. Bg5 e6 7. f4 h6 8. Bh4 Nbd7 9. Qf3 e5 10. Nf5 exf4 11. Bxf6 Nxf6 12. 0-0-0 Bxf5 13. exf5 Be7 14. g4 fxg3 15. Qxg3 0-0 16. Rg1 Ne8 17. Nd5 Bf6 18. Bd3 Rc8 19. Kb1 Kh8 20. Rg2 Be5 21. Qg4 Rc5 22. c4 Rg8 23. f6 Nxf6 24. Nxf6 Bxf6 25. Qe4 g6 26. Rf1 Re8 27. Qf3 Kg7 28. Qxb7 Qe7 29. Qxa6 Re5 30. a3 Rb8 31. Ka2 Re3 32. c5 dxc5 33. Bc4 Qe5 34. Rff2 Re4 35. Bxf7 Kxf7 36. Rxf6+ Ke7 37. Rf1 Qe6+ 38. Qxe6+ Rxe6 39. Rc1 Re5 40. Rc3 g5 41. Rgc2 Kd6 42. Rd2+ Rd5 43. Rf2 h5 44. Re3 g4 45. Rf6+ Kd7 46. Rf7+ Kd6 47. Re2 Rg8 48. Rfe7 Rg6 49. Ra7 Rg8 50. Rh7 Rf8 51. Rh6+ Kd7 52. Kb3 Rf3+ 53. Ka4 c4 54. Kb4 Rf4 55. Rh7+ Kd8 56. Rh8+ Kd7 57. Rh7+ Kd8 58. Ka4 Rdd4 59. Kb5 c3 60. Kc5 Rd3 61. bxc3 Rxc3+ 62. Kd6 Rf6+ 63. Ke5 Rff3 64. Rd2+ Rcd3 65. Rxd3+ Rxd3 66. Rh8+ Kd7 1/2-1/2

[Event "Piestany Slovakia op-A"]
[Site "Piestany"]
[Date "2024.07.15"]
[Round "7"]
[White "Mohamed, Anees M"]
[Black "Kaczmarek, Aleksander"]
[Result "1-0"]
[WhiteElo "2306"]
[BlackElo "2374"]
[PlyCount "71"]
[EventDate "2024.07.09"]
[EventType "swiss"]
[EventRounds "9"]
[EventCountry "SVK"]
[SourceTitle "EXT 2025"]
[Source "ChessBase"]
[SourceDate "2024.10.14"]
[SourceVersion "1"]
[SourceVersionDate "2024.10.14"]
[SourceQuality "1"]

1. e4 c6 2. d4 d5 3. e5 c5 4. dxc5 e6 5. a3 Bxc5 6. b4 Bb6 7. Nf3 Ne7 8. Bd3 a5 9. b5 Nd7 10. 0-0 a4 11. Nbd2 Nc5 12. Be2 Ng6 13. Bb2 Nf4 14. Re1 g5 15. Nd4 h5 16. Bf1 h4 17. Qg4 Ba5 18. Rad1 Bxd2 19. Rxd2 Ne4 20. Rdd1 f5 21. Qf3 Ng6 22. Qe2 g4 23. c4 g3 24. fxg3 hxg3 25. h3 Nf2 26. cxd5 Nf4 27. Qf3 Qxd5 28. Qxg3 Nxd1 29. Rxd1 Qxe5 30. Nxf5 Qxb2 31. Nd6+ Ke7 32. Qxf4 Rh7 33. Qg5+ Kf8 34. Qd8+ Kg7 35. Nxc8 Rh8 36. Qg5+ 1-0

[Event "Piestany Slovakia op-A"]
[Site "Piestany"]
[Date "2024.07.11"]
[Round "3"]
[White "Laurusas, Tomas"]
[Black "Kaczmarek, Aleksander"]
[Result "1-0"]
[WhiteElo "2563"]
[BlackElo "2374"]
[PlyCount "57"]
[EventDate "2024.07.09"]
[EventType "swiss"]
[EventRounds "9"]
[EventCountry "SVK"]
[SourceTitle "EXT 2025"]
[Source "ChessBase"]
[SourceDate "2024.10.14"]
[SourceVersion "1"]
[SourceVersionDate "2024.10.14"]
[SourceQuality "1"]

1. d4 Nf6 2. c4 e6 3. Nf3 c5 4. d5 b5 5. dxe6 fxe6 6. cxb5 d5 7. e3 Bd6 8. Be2 Bb7 9. Nbd2 Qe7 10. 0-0 0-0 11. Qc2 Nbd7 12. b3 Kh8 13. Bd3 Ne5 14. Nxe5 Bxe5 15. Bb2 Bxh2+ 16. Kxh2 Ng4+ 17. Kg3 Qc7+ 18. f4 Nxe3 19. Be5 Qe7 20. Qb2 c4 21. bxc4 dxc4 22. Nxc4 Rad8 23. Nxe3 Rxd3 24. Qe2 Qa3 25. Kf2 Bxg2 26. Rg1 Qc5 27. Bxg7+ Kxg7 28. Rxg2+ Kh8 29. Qxd3 1-0

[Event "Piestany Slovakia op-A"]
[Site "Piestany"]
[Date "2024.07.10"]
[Round "2"]
[White "Kaczmarek, Aleksander"]
[Black "Petrek, Dominik"]
[Result "1-0"]
[WhiteElo "2374"]
[BlackElo "2257"]
[PlyCount "65"]
[EventDate "2024.07.09"]
[EventType "swiss"]
[EventRounds "9"]
[EventCountry "SVK"]
[SourceTitle "EXT 2025"]
[Source "ChessBase"]
[SourceDate "2024.10.14"]
[SourceVersion "1"]
[SourceVersionDate "2024.10.14"]
[SourceQuality "1"]

1. e4 e6 2. Nf3 d5 3. e5 Bd7 4. a3 c5 5. b4 Nc6 6. c3 f6 7. d4 fxe5 8. b5 Na5 9. Nxe5 Nf6 10. Bg5 Bd6 11. Nd2 0-0 12. Bd3 Qc7 13. Qe2 c4 14. Bc2 Bxb5 15. 0-0 Be8 16. f4 Nb3 17. Rae1 Nxd2 18. Qxd2 Nd7 19. Qe3 Nxe5 20. fxe5 Bxa3 21. Qh3 h6 22. Qxe6+ Rf7 23. Bg6 hxg5 24. Rf2 Rd8 25. Ref1 Qd7 26. Bxf7+ Bxf7 27. Qxf7+ Qxf7 28. Rxf7 b5 29. e6 Re8 30. Rb1 Kh7 31. Kf1 Kg6 32. h3 Kh6 33. h4 1-0

[Event "Sardinia World op-A"]
[Site "Orosei"]
[Date "2024.05.01"]
[Round "6"]
[White "Girel, Joseph"]
[Black "Kaczmarek, Aleksander"]
[Result "1-0"]
[WhiteElo "2479"]
[BlackElo "2362"]
[PlyCount "85"]
[EventDate "2024.04.27"]
[EventType "swiss"]
[EventRounds "9"]
[EventCountry "ITA"]
[SourceTitle "CBM 220 Extra"]
[Source "ChessBase"]
[SourceDate "2024.07.31"]
[SourceVersion "1"]
[SourceVersionDate "2024.07.31"]
[SourceQuality "1"]

1. e4 c5 2. Nf3 d6 3. d4 cxd4 4. Nxd4 Nf6 5. Nc3 a6 6. Be2 e5 7. Nb3 Be7 8. 0-0 0-0 9. Qd3 Be6 10. Bd2 Re8 11. Rfd1 Bf8 12. Nd5 Nxd5 13. exd5 Bc8 14. Na5 Nd7 15. b4 g6 16. c4 f5 17. Rac1 f4 18. Bg4 Nf6 19. Bxc8 Rxc8 20. Nxb7 Qd7 21. Na5 e4 22. Qe2 Bh6 23. Nc6 f3 24. gxf3 Bxd2 25. Rxd2 Qh3 26. Nd4 Nxd5 27. fxe4 Nf4 28. Qf1 Qh6 29. Kh1 Rxe4 30. c5 dxc5 31. bxc5 Rce8 32. Rdd1 Qh5 33. Qc4+ Kf8 34. Qc3 Qg5 35. Qf3 Kg8 36. c6 Qe5 37. Qb3+ Kf8 38. Nf3 Qf5 39. c7 Qh3 40. Rg1 Ne2 41. Ng5 Qxb3 42. axb3 Nxc1 43. Nxe4 1-0

[Event "Sardinia World op-A"]
[Site "Orosei"]
[Date "2024.04.30"]
[Round "4"]
[White "Van Foreest, Jorden"]
[Black "Kaczmarek, Aleksander"]
[Result "1-0"]
[WhiteElo "2668"]
[BlackElo "2362"]
[PlyCount "71"]
[EventDate "2024.04.27"]
[EventType "swiss"]
[EventRounds "9"]
[EventCountry "ITA"]
[SourceTitle "CBM 220 Extra"]
[Source "ChessBase"]
[SourceDate "2024.07.31"]
[SourceVersion "1"]
[SourceVersionDate "2024.07.31"]
[SourceQuality "1"]

1. e4 c5 2. Nf3 e6 3. d4 cxd4 4. Nxd4 Nc6 5. Nc3 Qc7 6. Be3 a6 7. Nxc6 bxc6 8. Qf3 Nf6 9. Qg3 d6 10. 0-0-0 Rb8 11. Bc4 Rb4 12. Bd3 h5 13. f3 Qb8 14. b3 Qc7 15. h4 Nd7 16. Be2 c5 17. Kb2 Rb8 18. f4 g6 19. f5 Ne5 20. Rhf1 Bg7 21. f6 Bf8 22. Bf4 Rb4 23. Rd2 Rd4 24. Rfd1 Nc6 25. Be3 Bh6 26. Bxh6 Rxh6 27. Bb5 axb5 28. Nxb5 Qb8 29. Nxd6+ Kf8 30. Qg5 Qxd6 31. Qxh6+ Ke8 32. c3 Qe5 33. cxd4 Nxd4 34. Qh8+ Kd7 35. Qf8 Ba6 36. Qxc5 1-0

[Event "SVK-chT1E 2223"]
[Site "Slovakia"]
[Date "2023.10.22"]
[Round "2.1"]
[White "Antal, Jakub"]
[Black "Kaczmarek, Aleksander"]
[Result "0-1"]
[WhiteElo "1936"]
[BlackElo "2331"]
[PlyCount "60"]
[EventDate "2023.10.21"]
[EventType "team-tourn"]
[EventRounds "11"]
[EventCountry "SVK"]
[SourceTitle "EXT 2025"]
[Source "ChessBase"]
[SourceDate "2024.10.14"]
[SourceVersion "1"]
[SourceVersionDate "2024.10.14"]
[SourceQuality "1"]
[WhiteTeam "Kosice Slavia TU"]
[BlackTeam "Dunajov Martin II"]
[WhiteTeamCountry "SVK"]
[BlackTeamCountry "SVK"]

1. e4 c5 2. a3 g6 3. Nc3 Bg7 4. Rb1 Nc6 5. b4 b6 6. Nf3 e6 7. Bb5 Nge7 8. 0-0 0-0 9. Ne2 e5 10. d3 h6 11. Ng3 d6 12. h3 Kh7 13. Nh2 Nd4 14. Bc4 d5 15. Ba2 f5 16. exf5 Nexf5 17. bxc5 bxc5 18. c4 Nxg3 19. fxg3 e4 20. cxd5 exd3 21. Qxd3 Bf5 22. Rxf5 Rxf5 23. Nf3 Qf6 24. Bf4 Re8 25. Kh2 Rxf4 26. gxf4 Qxf4+ 27. Kh1 Re3 28. Qf1 Nxf3 29. gxf3 Rxf3 30. Qg2 Rf2 0-1